Využitie kalkulácií podľa aktivít – metóda ABC v riadení podnikov
Analýza riadenia nákladov. Kalkulácia nákladov podľa čiastkových aktivít – metóda ABC (Activity Based Costing). Možnosti využitia ABC v riadení nákladov a aktivít v rôznych typoch organizácií. Metóda ABC poskytuje široké spektrum informácií o nákladoch, činnostiach, aktivitách, výkonoch a nákladovýc...
Guardado en:
| Autor principal: | |
|---|---|
| Otros Autores: | , |
| Formato: | Capítulo de libro |
| Lenguaje: | eslovaco |
| Materias: | |
| Etiquetas: |
Sin Etiquetas, Sea el primero en etiquetar este registro!
|
MARC
| LEADER | 00000nla a2200000 4500 | ||
|---|---|---|---|
| 001 | 0190963 | ||
| 005 | 20240417075047.0 | ||
| 041 | 0 | |a slo | |
| 044 | |a SK | ||
| 245 | 1 | 0 | |a Využitie kalkulácií podľa aktivít – metóda ABC v riadení podnikov |c Iveta Košovská, Alexandra Ferenczi Vaňová, Ivana Váryová |
| 520 | |a Analýza riadenia nákladov. Kalkulácia nákladov podľa čiastkových aktivít – metóda ABC (Activity Based Costing). Možnosti využitia ABC v riadení nákladov a aktivít v rôznych typoch organizácií. Metóda ABC poskytuje široké spektrum informácií o nákladoch, činnostiach, aktivitách, výkonoch a nákladových objektoch, ktoré začali byť využívané nielen pre nákladovú kalkuláciu, ale aj pre riadenie činnosti v podniku a tak isto k reštrukturalizácii podnikových procesov a aktivít. | ||
| 610 | 2 | 0 | |a metóda ABC |
| 610 | 2 | 0 | |a podnik |
| 610 | 2 | 0 | |a efektívnosť ekonomická |
| 610 | 2 | 0 | |a riadenie finančné |
| 610 | 2 | 0 | |a kalkulácia nákladov |
| 100 | 1 | |a Košovská, Iveta | |
| 700 | 1 | |a Ferenczi Vaňová, Alexandra | |
| 700 | 1 | |a Váryová, Ivana | |